| 000 | 00618 a2200217 4500 | ||
|---|---|---|---|
| 999 |
_c11084 _d11084 |
||
| 020 | _a9780077862039 | ||
| 050 |
_aR728.8 _bBAY2012 |
||
| 100 |
_aBayes Nennal L _eauthor |
||
| 245 |
_aMedical Office Procedures / _cNennal L.Bayes |
||
| 250 | _aeighth edition | ||
| 264 |
_aMcGrawHill: _bNew York, _cC.2012 |
||
| 300 |
_a 383 pages _billustrations |
||
| 336 |
_2rdacontent _atext _btxt |
||
| 337 |
_2rdamedia _aunmediated _bn |
||
| 338 |
_2rdacarrier _avolume _bnc |
||
| 500 | _aincludes index | ||
| 650 | _aoffice management | ||
| 650 | _apractice management | ||
| 650 | _amedical | ||
| 942 |
_2lcc _cBK _h728.8 _iBAY _kR |
||